000 01005nam a2200277Ia 4500
003 OSt
005 20221005110815.0
006 a|||||r|||| 00| 0
007 ta
008 221004b |||||||| |||| 00| 0 hin d
020 _a9788171783823 (hbk)
_c125
024 _a5040
037 _b48, 02/07/2013, University Book House
_cTextual
040 _aCRL
_cCRL
_bhin
041 _2hin
_ahin
082 _aO152,3N256x, N4
100 _aअमरकांत
245 0 _aप्रतिनिधि कहानियॉं
246 _aPratinidhi kahāniyaॉan
260 _aनई दिल्ली
_bराजकमल प्रकाशन भारत
_c2013
300 _a140पृ0
_ccm.
490 _aथ्ल्न्च् क्ब्.1 भ्प्छक्प्.2
650 _aहिन्दी साहित्य
942 _hO152,3N256x, N4
_cTEXL
_2cc
999 _c1019944
_d1019944